000 00937nam a2200229Ia 4500
001 15600
003 GE_BSU
008 181216s||||||||xx |||||||||||||| ||und||
040 _cGE_BSU
080 _a82-93:821.161.1-32
100 _aგრიგოროვიჩი, დიმიტრი
245 _aგუტაფისის ბიჭი
245 _bმოთხრობა. უმცრ. სასკოლო ასაკის ბავშვთათვის
245 _cთარგმნა ბ. წერეთელმა ; ილ. ა. ბანძელაძემ.რედ.ჯ.ბაჯელიძე. მხატვ.ალ.ბანძელაძე
260 _aთბილისი
260 _bნაკადული
260 _c1972
300 _a26გვ. : ილ. ; 20სმ.
653 _aგუტაფისის ბიჭი
653 _aმოთხრობა
942 _cBK
999 _c48700
_d48700